| 000 | 00818nam a2200229 i 4500 | ||
|---|---|---|---|
| 001 | 175295 | ||
| 003 | ES-MaACL | ||
| 005 | 20250806062547.0 | ||
| 007 | t| | ||
| 008 | 101020s1973 sp ||||1| spa d | ||
| 080 | _a347.789(460) | ||
| 100 | 1 |
_aRomero, Federico. _999322 |
|
| 245 | 1 | 4 |
_aLas sociedades de autores / _cpor Federico Romero. |
| 260 |
_aMadrid : _bAyuntamiento de Madrid, Delegación de Educación : _bInstituto de Estudios Madrileños, _c1973. |
||
| 300 |
_a24 p. ; _c22 cm. |
||
| 490 | 1 |
_aCiclo de conferencias sobre instituciones madrileñas ; _v13 |
|
| 650 | 4 |
_aSociedades. _9136884 |
|
| 710 | 2 |
_aInstituto de Estudios Madrileños _94916 |
|
| 830 | 0 |
_aCiclo de conferencias sobre instituciones madrileñas ; _v13 _9189619 |
|
| 852 |
_aES-MaACL _j2259-F-13 _xOlim P-54 |
||
| 999 |
_c175295 _d175295 |
||